000 00703nam a2200241 4500
001 18396
003 BD-RjUL
005 20211209000259.0
008 970711r19471937enkafg b 000 0 eng d
035 _a(BD-RjUL)18454
040 _aBD-RjUL
_beng
_cBD-RjUL
041 _aeng
082 _a787.23
_bJES 1953
100 1 _aJeans, James,
_d1877-1946.
_926311
245 1 0 _aScience & music /
_cby Sir James Jeans.
260 _aCambridge :
_bCambridge University Press,
_c1953.
300 _ax, 258 p., 9 p. of plates :
_bill. ;
_c20 cm.
504 _aBibliography: p. x.
650 0 _aMusic
_xAcoustics and physics.
_926320
650 0 _aSound.
_956662
740 0 _aScience and music.
942 _2ddc
_cBK
999 _c18396
_d18396